| 000 | 00807nam a2200253 i 4500 | ||
|---|---|---|---|
| 001 | 16672 | ||
| 003 | ES-MaACL | ||
| 005 | 20260522123345.0 | ||
| 007 | t| | ||
| 008 | 001023s2000 sp ||||1| spa d | ||
| 020 | _a84-376-1818-5 | ||
| 080 | _a396.9:2 | ||
| 100 | 0 |
_aClément, Catherine, _d1939- _939176 |
|
| 245 | 1 | 0 |
_aLo femenino y lo sagrado / _cCatherine Clément y Julia Kristeva ; traducción de Maribel García Sánchez. |
| 260 |
_aMadrid : _bCátedra, _c[2000] |
||
| 300 |
_a232 p. ; _c21 cm. |
||
| 490 | 1 |
_aFeminismos ; _v58 |
|
| 650 | 1 | 7 |
_aMujeres y religión _2embne _915350 |
| 700 | 1 |
_aKristeva, Julia. _968861 |
|
| 700 | 1 |
_aGarcía Sánchez, Maribel. _955265 |
|
| 830 | 0 | 0 |
_aFeminismos _v58 _9179833 |
| 852 |
_aES-MaACL _jL-23679 _bR.128990 |
||
| 999 |
_c16672 _d16672 |
||